Sobre el futuro de la educación: hacia el año 2.000

Guardado en:
Detalles Bibliográficos
Autor Corporativo: UNESCO (Autor)
Formato: Libro
Lenguaje:español
Publicado: Madrid Narcea 1990
Colección:Educación hoy. Estudios
Materias:
Etiquetas: Agregar Etiqueta
Sin Etiquetas, Sea el primero en etiquetar este registro!

MARC

LEADER 00000nam a2200000 a 4500
001 UCW5751
003 CL-VaPUC
008 910805e19900000SP |||||||||||||||||spa|d
082 0 4 |a 370.1  |b UNE  |2 21 
110 2 |a UNESCO  |e author  |9 310751 
245 1 0 |a Sobre el futuro de la educación: hacia el año 2.000 
300 |a 342 p 
942 |c BK 
945 |d 19910805 00:00:00 
260 |a Madrid  |b Narcea  |c 1990 
650 0 |a Filosofía de la educación   |9 258384 
583 |a last modification  |c 19910805 00:00:00  |k Rodrigo Vera 
490 0 |a Educación hoy. Estudios 
999 |c 219082  |d 219080 
952 |0 0  |1 0  |4 0  |6 370_100000000000000_UNE_1990  |7 0  |8 A  |9 209593  |a BIBEDU  |b BIBEDU  |d 2019-11-15  |i 2774763  |o 370.1 UNE 1990  |p 2774763  |r 2019-11-15  |w 2019-11-15  |y BK  |k EDU 
952 |0 0  |1 0  |4 0  |6 370_100000000000000_UNE_1990  |7 0  |8 A  |9 209594  |a BIBEDU  |b BIBEDU  |d 2019-11-15  |i 3494543  |o 370.1 UNE 1990  |p 3494543  |r 2019-11-15  |w 2019-11-15  |y BK  |k BME